| 000 | 00485nam a2200145Ia 4500 | ||
|---|---|---|---|
| 008 | 220216s9999 xx 000 0 und d | ||
| 100 | _aTan Xiangsheng | ||
| 245 | 0 | _aDevelopment and control of red root disease in rubber plantations | |
| 260 |
_bRoot Diseases of Hevea brasiliensis: Proceedings of IRRDB Symposium, Kunming, China, 8 October 1990 _c1991 |
||
| 300 | _a31-36 | ||
| 650 | _aGanoderma pseudoferrum | ||
| 650 | _aRed root disease | ||
| 700 | _aFan Huixiong | ||
| 942 | _cJS | ||
| 999 |
_c56941 _d56941 |
||